000 01708nam a2200409 c 4500
003 BLK
005 20240918161535.0
008 180408b bul|||||r ||||||| ||bul||
010 _aKNG00066426000
020 _a954-9930-26-2
_bиздат.: Матком
040 _aBLK
041 _aBUL
_cBUL
080 _aМебелно производство. Тапицерство
_b684
_x.001.66(075.32)
_z684.001.66(075.32)
080 _aИзработване на подвижни елементи - врати, прозорци
_b674.214
_x.001.66(075.32)
_z674.214.001.66(075.32)
100 1 _aКючуков, Георги Борисов
_eпърви автор
_9368712
139 _aКючуков, Георги Борисов
_bК 99
245 1 0 _aКонструиране на мебели, врати и прозорци
_bУчебник за проф. гимназии
_cГеорги Борисов Кючуков.
257 _aBGR
260 София
_bМатком
_c2004
_fСофия : Изток-Запад
300 _a310 с.
_bс ил.
_c24 см
380 _a62
500 _aБиблиогр. с. 312.
650 4 _aМебели - проектиране и конструиране
_9289733
653 _aмебели
653 _aмебелно производство
653 _aврати
653 _aпрозорци
653 _aконструиране
653 _aпроектиране
653 _aучебници за средни училища
852 _aЦб 228073
856 4 _qpdf
_u
856 4 _qpdf
_u
942 _cKNG
_n0
_08
944 _aCR
_c19.06.2006
_lМинев Младен
_k30530
944 _aED
_c18.12.2012
_lф /
_k
999 _c62214
_d62214